| 000 | 01243nam a2200229Ia 4500 | ||
|---|---|---|---|
| 003 | Ost | ||
| 005 | 20260507075257.0 | ||
| 008 | 260507s9999||||xx |||||||||||||| ||und|| | ||
| 020 | _a13303299579 | ||
| 040 | _cfsecg | ||
| 041 | _aara | ||
| 082 | _a330 | ||
| 100 |
_aعبيدات، مؤيد محي الدين _eمؤلف |
||
| 245 | 0 |
_aالرقابة الحكومية على تأسيس الشركات : _bدراسة مقارنة / _c مؤيد محي الدين عبيدات |
|
| 260 |
_aعمان: _bالحامد, _c2008 |
||
| 300 |
_a383 صفحة؛ _bإيضاحات ؛ _c25 سم |
||
| 504 | _aالمراجع ص.369 (اقتناءات 2014 3ن) | ||
| 520 | _aالتطور التاريخي للرقابة السابقة في بعض التشريعات و مفهوم الرقابة السابقة على الشركات و تفريزها عما يشتبه معها و أهدافهاو موقف التشريعات السابقة منها ، الجهات التي تمارس الرقابة السابقة على التأسيس و كذلك مستلزمات التأسيس و الرقابة عليه و أخيرا مضمون الرقابة السابقة . | ||
| 653 | _aالشركات | ||
| 653 | _aقانون الشركات | ||
| 942 | _cكتاب | ||
| 999 |
_c43757 _d43757 |
||